书目信息 |
| 题名: |
语法中的显著性与局部性
|
|
| 作者: | 胡建华 著 ;杨萌萌 译 | |
| 分册: | ||
| 出版信息: | 上海 上海教育出版社有限公司 2024.11 |
|
| 页数: | 264页 | |
| 开本: | 23cm | |
| 丛书名: | 国际语言学前沿丛书 | |
| 单 册: | ||
| 中图分类: | H314.3 , H313 | |
| 科图分类: | ||
| 主题词: | 英语--句法--研究 , 英语--语义--研究 | |
| 电子资源: | ||
| ISBN: | 978-7-5720-3098-7 | |
| 000 | 01578nam0 2200325 450 | |
| 001 | 013501703 | |
| 005 | 20251022095446.96 | |
| 010 | @a978-7-5720-3098-7@b精装@dCNY90.00 | |
| 100 | @a20250318d2024 em y0chiy0120 ea | |
| 101 | 1 | @achi@ceng |
| 102 | @aCN@b310000 | |
| 105 | @ay z 001yy | |
| 106 | @ar | |
| 200 | 1 | @a语法中的显著性与局部性@9yu fa zhong de xian zhu xing yu ju bu xing@eWh疑问句与反身代词的句法和语义@dProminence and locality in grammar@ethe syntax and semantics of Wh-questions and reflexives@f胡建华著@g杨萌萌译@zeng |
| 210 | @a上海@c上海教育出版社有限公司@d2024.11 | |
| 215 | @a264页@d23cm | |
| 225 | 1 | @a国际语言学前沿丛书@dTrends in contemporary linguistics@f胡建华主编@zeng |
| 300 | @a国家出版基金项目 国家社会科学基金重大项目“儿童语言发展的行为学和脑机制研究及临床应用与数据库建设”系列阶段性成果之一 | |
| 305 | @aTaylor & Francis出版集团旗下Routledge出版公司授权出版 | |
| 330 | @a本书以Wh疑问句和反身代词为切入点,从句法-语义接口的视角提出语法中的显著性与局部性理论。显著性与局部性是揭示并反映人类内在语言知识及认知加工机制的基本原则,对其复杂交互作用的探究有助于解释包括Wh疑问句和反身代词在内的语言结构和现象。 | |
| 461 | 0 | @12001 @a国际语言学前沿丛书 |
| 510 | 1 | @aProminence and locality in grammar@ethe syntax and semantics of Wh-questions and reflexives@zeng |
| 606 | 0 | @a英语@x句法@x研究 |
| 606 | 0 | @a英语@x语义@x研究 |
| 690 | @aH314.3@v5 | |
| 690 | @aH313@v5 | |
| 701 | 0 | @a胡建华@9hu jian hua@4著 |
| 702 | 0 | @a杨萌萌@9yang meng meng@4译 |
| 801 | 0 | @aCN@c20250910 |
| 905 | @a河南城建学院图书馆@dH314.3@eH472@ZH472@f1 | |
| 语法中的显著性与局部性:Wh疑问句与反身代词的句法和语义=Prominence and locality in grammar:the syntax and semantics of Wh-questions and reflexives/胡建华著/杨萌萌译.-上海:上海教育出版社有限公司,2024.11 |
| 264页;23cm.-(国际语言学前沿丛书=Trends in contemporary linguistics/胡建华主编) |
| 国家出版基金项目 国家社会科学基金重大项目“儿童语言发展的行为学和脑机制研究及临床应用与数据库建设”系列阶段性成果之一 |
| ISBN 978-7-5720-3098-7(精装):CNY90.00 |
| 本书以Wh疑问句和反身代词为切入点,从句法-语义接口的视角提出语法中的显著性与局部性理论。显著性与局部性是揭示并反映人类内在语言知识及认知加工机制的基本原则,对其复杂交互作用的探究有助于解释包括Wh疑问句和反身代词在内的语言结构和现象。 |
| ● |
| 相关链接 |
|
|
|
正题名:语法中的显著性与局部性
索取号:H314.3/H472
 
预约/预借
| 序号 | 登录号 | 条形码 | 馆藏地/架位号 | 状态 | 备注 |
| 1 | 1634118 | 216341180 | 语言库209/209语言库 34排1列6层/ [索取号:H314.3/H472] | 在馆 |